| 000 | 004910000a22001810004500 | ||
|---|---|---|---|
| 003 | LK-CoMWRAF | ||
| 008 | 230817t ||||| |||| 00| 0 eng d | ||
| 040 |
_aLK-CoMWRAF _dLK-CoMWRAF _eLK-CoMWRAF |
||
| 041 | _aeng | ||
| 082 |
_a360 _bABR |
||
| 245 |
_aFaith renewed _ba report on the first Asian Women's consultaion on interfaith dialogue |
||
| 260 |
_aKowloon _bAWRCCT _c1989 |
||
| 300 | _ap.154 | ||
| 650 | _awomen | ||
| 650 | _awomen & Islam | ||
| 650 | _awomen & religion | ||
| 942 | _cBK | ||
| 999 |
_c2259 _d2259 |
||